|
|
|
|
| LEADER |
01443nam a2200361 a 4500 |
| 001 |
24343 |
| 003 |
BD-DhAAL |
| 008 |
120124s2005 bg ab b 001 0 eng |
| 999 |
|
|
|c 11809
|d 11809
|
| 010 |
|
|
|a 2009311424
|
| 020 |
|
|
|a 9789843221827
|
| 020 |
|
|
|a 9843221826
|
| 035 |
|
|
|a 9101521949
|
| 040 |
|
|
|a DLC
|c DLC
|d DKAGE
|d BD-DhAAL
|
| 041 |
0 |
9 |
|a eng
|
| 082 |
0 |
4 |
|a 362.1095492
|2 22
|
| 100 |
1 |
|
|a Kafiluddin, A. K. M.
|9 39956
|
| 245 |
1 |
0 |
|a Human health, diseases, and the environment :
|b dissemination of research findings and emerging and re-emerging diseases--update /
|c by A.K.M. Kafiluddin.
|
| 250 |
|
|
|a 1st ed.
|
| 260 |
|
|
|a Dhaka :
|b National Institute of Preventive and Social Medicine,
|c 2005.
|
| 300 |
|
|
|a xxxvii, 1007 p. :
|b ill., maps, ports. ;
|c 25 cm.
|
| 500 |
|
|
|a Part 1 & 2 issued together.
|
| 504 |
|
|
|a Includes bibliographical references and index.
|
| 541 |
|
|
|e 00024343
|
| 650 |
1 |
2 |
|a Environmental health
|z Bangladesh.
|9 39957
|
| 650 |
2 |
2 |
|a Disease
|x etiology
|9 39958
|
| 650 |
2 |
2 |
|a Epidemiologic Methods
|9 39959
|
| 650 |
2 |
2 |
|a Research
|9 39960
|
| 651 |
|
2 |
|a Bangladesh
|9 39961
|
| 710 |
2 |
|
|a National Institute of Preventive and Social Medicine (Bangladesh)
|9 39962
|
| 852 |
1 |
|
|a James P Grant School of Public Health
|c General Shelf.
|
| 942 |
|
|
|2 ddc
|c BK
|
| 952 |
|
|
|0 0
|1 0
|2 ddc
|4 0
|6 362_109549200000000_KAF
|7 0
|9 19266
|a JPGSPH
|b JPGSPH
|c GEN
|d 2012-01-19
|e MPH
|g 1200.00
|l 0
|o 362.1095492 KAF
|p 3060024343
|r 2012-01-24
|t 1
|w 2012-01-24
|y BK
|